Lords of the horizons : (Record no. 1214)

000 -LEADER
fixed length control field 01291nam a22003497a 4500
001 - CONTROL NUMBER
control field 2617091
003 - CONTROL NUMBER IDENTIFIER
control field OSt
005 - DATE AND TIME OF LATEST TRANSACTION
control field 20210426112120.0
008 - FIXED-LENGTH DATA ELEMENTS--GENERAL INFORMATION
fixed length control field 980908s1999 nyuab b 001 0 eng
010 ## - LIBRARY OF CONGRESS CONTROL NUMBER
LC control number 98041601
020 ## - INTERNATIONAL STANDARD BOOK NUMBER
International Standard Book Number 0805040811 (alk. paper)
040 ## - CATALOGING SOURCE
Original cataloging agency DLC
Transcribing agency DLC
Modifying agency DLC
043 ## - GEOGRAPHIC AREA CODE
Geographic area code a-tu---
050 00 - LIBRARY OF CONGRESS CALL NUMBER
Classification number DR486
Item number .G66 1999
080 ## - UNIVERSAL DECIMAL CLASSIFICATION NUMBER
Universal Decimal Classification number 94
Item number G-64
082 00 - DEWEY DECIMAL CLASSIFICATION NUMBER
Classification number 956.1/015
Edition number 21
100 1# - MAIN ENTRY--PERSONAL NAME
Personal name Goodwin, Jason,
Dates associated with a name 1964-
245 10 - TITLE STATEMENT
Title Lords of the horizons :
Remainder of title a history of the Ottoman Empire /
Statement of responsibility, etc. Jason Goodwin.
250 ## - EDITION STATEMENT
Edition statement 1st American ed.
260 ## - PUBLICATION, DISTRIBUTION, ETC.
Place of publication, distribution, etc. New York :
Name of publisher, distributor, etc. H. Holt,
Date of publication, distribution, etc. 1999.
300 ## - PHYSICAL DESCRIPTION
Extent xv, 351 p. :
Other physical details ill., 1 map ;
Dimensions 25 cm.
365 ## - TRADE PRICE
Price type code 32.50 USD
500 ## - GENERAL NOTE
General note "A John Macrae book."
504 ## - BIBLIOGRAPHY, ETC. NOTE
Bibliography, etc. note Includes bibliographical references (p. 337-[342]) and index.
651 #0 - SUBJECT ADDED ENTRY--GEOGRAPHIC NAME
Geographic name Turkey
General subdivision History
Chronological subdivision Ottoman Empire, 1288-1918.
653 ## - INDEX TERM--UNCONTROLLED
Uncontrolled term ისტორია
856 42 - ELECTRONIC LOCATION AND ACCESS
Materials specified Contributor biographical information
Uniform Resource Identifier <a href="http://www.loc.gov/catdir/enhancements/fy0667/98041601-b.html">http://www.loc.gov/catdir/enhancements/fy0667/98041601-b.html</a>
856 42 - ELECTRONIC LOCATION AND ACCESS
Materials specified Publisher description
Uniform Resource Identifier <a href="http://www.loc.gov/catdir/enhancements/fy0667/98041601-d.html">http://www.loc.gov/catdir/enhancements/fy0667/98041601-d.html</a>
906 ## - LOCAL DATA ELEMENT F, LDF (RLIN)
a 7
b cbc
c orignew
d 1
e ocip
f 19
g y-gencatlg
942 ## - ADDED ENTRY ELEMENTS (KOHA)
Source of classification or shelving scheme
Koha item type Books
Holdings
Withdrawn status Lost status Source of classification or shelving scheme Damaged status Not for loan Permanent location Current location Date acquired Inventory number Total Checkouts Full call number Barcode Date last seen Price effective from Koha item type
          Ken Walker International University Ken Walker International University 02/04/2021 1263   94 G-64 1263 02/04/2021 02/04/2021 Books

Powered by Koha